<?xml version="1.0" encoding="UTF-8"?><?xml-stylesheet type="text/xsl" href="static/style.xsl"?><OAI-PMH xmlns="http://www.openarchives.org/OAI/2.0/" xmlns:xsi="http://www.w3.org/2001/XMLSchema-instance" xsi:schemaLocation="http://www.openarchives.org/OAI/2.0/ http://www.openarchives.org/OAI/2.0/OAI-PMH.xsd"><responseDate>2026-04-18T23:26:40Z</responseDate><request verb="GetRecord" identifier="oai:riubu.ubu.es:10259/4902" metadataPrefix="marc">https://riubu.ubu.es/oai/request</request><GetRecord><record><header><identifier>oai:riubu.ubu.es:10259/4902</identifier><datestamp>2021-11-10T09:38:27Z</datestamp><setSpec>com_10259.4_2543</setSpec><setSpec>com_10259_5086</setSpec><setSpec>com_10259_2604</setSpec><setSpec>col_10259.4_2544</setSpec></header><metadata><record xmlns="http://www.loc.gov/MARC21/slim" xmlns:doc="http://www.lyncode.com/xoai" xmlns:xsi="http://www.w3.org/2001/XMLSchema-instance" xmlns:dcterms="http://purl.org/dc/terms/" xsi:schemaLocation="http://www.loc.gov/MARC21/slim http://www.loc.gov/standards/marcxml/schema/MARC21slim.xsd">
<leader>00925njm 22002777a 4500</leader>
<datafield tag="042" ind1=" " ind2=" ">
<subfield code="a">dc</subfield>
</datafield>
<datafield tag="720" ind1=" " ind2=" ">
<subfield code="a">Lara Ortega, Fernando</subfield>
<subfield code="e">author</subfield>
</datafield>
<datafield tag="720" ind1=" " ind2=" ">
<subfield code="a">Heras Sevilla, Davinia</subfield>
<subfield code="e">author</subfield>
</datafield>
<datafield tag="720" ind1=" " ind2=" ">
<subfield code="a">García Alonso, Isabel</subfield>
<subfield code="e">author</subfield>
</datafield>
<datafield tag="260" ind1=" " ind2=" ">
<subfield code="c">2015</subfield>
</datafield>
<datafield tag="520" ind1=" " ind2=" ">
<subfield code="a">Las personas mayores de 65 años conceden mucha importancia a las diferentes prestaciones sociales. En base a un muestreo realizado con 1200 sujetos, se observa que las prestaciones sociales más valoradas están relacionadas con la problemática que afecta directamente a las personas mayores: los estados de salud, las limitaciones en sus actividades de la vida diaria y la dependencia. Le siguen en importancia todas aquellas prestaciones relacionadas con las actividades socioculturales, el ocio, las relaciones interpersonales y los viajes, valorando en paralelo los descuentos especiales que para ello se proporcionan. Existe una clara relación inversa entre la salud (y la edad) y la valoración de las prestaciones de tipo sociocultural, de compañía y de asistencia en las actividades relacionadas con la dependencia parcial.</subfield>
</datafield>
<datafield tag="520" ind1=" " ind2=" ">
<subfield code="a">Elderly people over 65 years old give a lot of importance to the different social services. Based&#xd;
on a sampling conducted with 1200 people, it is observed that the most valuable social services are&#xd;
related to the issues that directly affect elderly people: health condition, limitations in daily life activities&#xd;
and dependency. It is followed in importance by all those social services related to sociocultural&#xd;
activities, leisure, interpersonal relationships and travels, valuing it at the same level as special&#xd;
discounts that are offered for it. There is a clear inverse relationship between health (and age) and&#xd;
the valuation of sociocultural, company and assistance social services in activities related to the partial&#xd;
dependency.</subfield>
</datafield>
<datafield tag="024" ind2=" " ind1="8">
<subfield code="a">0214-9877</subfield>
</datafield>
<datafield tag="024" ind2=" " ind1="8">
<subfield code="a">http://hdl.handle.net/10259/4902</subfield>
</datafield>
<datafield tag="024" ind2=" " ind1="8">
<subfield code="a">10.17060/ijodaep.2015.n1.v2.124</subfield>
</datafield>
<datafield ind1=" " ind2=" " tag="653">
<subfield code="a">prestaciones sociales</subfield>
</datafield>
<datafield ind1=" " ind2=" " tag="653">
<subfield code="a">personas mayores</subfield>
</datafield>
<datafield ind1=" " ind2=" " tag="653">
<subfield code="a">dependencia</subfield>
</datafield>
<datafield ind1=" " ind2=" " tag="653">
<subfield code="a">social services</subfield>
</datafield>
<datafield ind1=" " ind2=" " tag="653">
<subfield code="a">elderly people</subfield>
</datafield>
<datafield ind1=" " ind2=" " tag="653">
<subfield code="a">dependency</subfield>
</datafield>
<datafield tag="245" ind1="0" ind2="0">
<subfield code="a">Valoración de las prestaciones sociales por parte de las personas mayores</subfield>
</datafield>
</record></metadata></record></GetRecord></OAI-PMH>